| 000 | 01026nam a2200265 a 4500 | ||
|---|---|---|---|
| 001 | 58515 | ||
| 003 | BD-RjUL | ||
| 005 | 20211209080630.0 | ||
| 008 | 161218s1982 ii b 100 0 eng | ||
| 020 | _cRs125.00 ($25.00 U.S.) | ||
| 035 | _a(BD-RjUL)58639 | ||
| 040 |
_aDLC _cDLC _dDLC _beng |
||
| 041 | _aeng | ||
| 082 | 0 | 0 |
_a306.32 _bSOC 1982 |
| 245 | 0 | 0 |
_aSociological perspectives of land reforms / _cedited by Sheo Kumar Lal ; with a foreword by P.C. Joshi. |
| 260 |
_aNew Delhi, India : _bAgricole Pub. Academy, _c1982. |
||
| 300 |
_axx, 254 p. ; _c23 cm. |
||
| 500 | _aPapers presented at the All-India Seminar on Sociological Perspectives of Land Reforms, University of Jodhpur, 1980. | ||
| 504 | _aIncludes bibliographical references. | ||
| 650 | 0 |
_aLand reform _xSocial aspects _zIndia. _9173825 |
|
| 700 | 1 |
_aLal, Sheo Kumar, _d1930- _9173826 |
|
| 711 | 2 |
_aAll-India Seminar on Sociological Perspectives of Land Reforms _d(1980 : _cUniversity of Jodhpur) _9173827 |
|
| 942 |
_2ddc _cBK |
||
| 999 |
_c58515 _d58515 |
||